Winnie the Pooh characters by picture - Statistics

General Stats
  • This quiz has been taken 112 times
  • The average score is 9 of 11
Answer Stats
Picture Answer % Correct
Tigger
100%
Winnie the Pooh
100%
Piglet
95%
Christopher Robin
92%
Eeyore
91%
Roo
88%
Rabbit
87%
Owl
84%
Kanga
83%
Gopher
47%
Lumpy
47%
No matching quizzes found
Score Distribution
Percent of People with Each Score
Percentile by Number Answered
Your Score History
You have not taken this quiz